000 00309nam a22001337a 4500
008 170405b xxu||||| |||| 00| 0 eng d
020 _a0.12.324682.2
041 _aeng
080 _a574
100 _a9
101 _aSHM
245 _aINTRODUCTION TO ECOLOGICAL BIOCHEMISTRY
_cHARBORNE, J.B
942 _2udc
_cBK
999 _c9763
_d9763